000 00288nam a2200109Ia 4500
008 220204s9999 xx 000 0 und d
082 _a339.172
_bVAR
100 _aVarangis, Panos
245 0 _aManaging commodity booms and busts
260 _aWashington, DC
_bWorld Bank
_c1995
942 _cBK
999 _c41063
_d41063